| 000 | 00477nam a2200157Ia 4500 | ||
|---|---|---|---|
| 003 | SGT | ||
| 020 | _a9788120328778 | ||
| 082 |
_a621.3815 _bKAN |
||
| 100 | _aKano,Kanaan | ||
| 245 | _aSemiconductor devices | ||
| 260 |
_bPHI Learning Private Limited _aNew Delhi _c1998 |
||
| 300 | _a480p. | ||
| 650 | _aELECTRONIC ENGINEERING | ||
| 653 | _aATOMIC STRUCTURE AND QUANTUM MECHANICS,ENERGY BANDS AND CURRENT CARRIERS IN SEMICONDUCTORS ,FABRICATION TECHNOLOGY | ||
| 942 |
_2ddc _cBK _04 |
||
| 999 |
_c5084 _d5084 |
||